|
|
|
|
| LEADER |
00000nam a22000007a 4500 |
| 005 |
20170403003554.0 |
| 007 |
cr|||| |||| |
| 008 |
170403s2017 mx |||||s|||| 00||0 spa d |
| 020 |
|
|
|a 978-607-406-889-4
|
| 035 |
|
|
|a 20198
|
| 040 |
|
|
|a vLex
|
| 090 |
|
|
|c 6627
|d 6627
|
| 100 |
1 |
|
|a Luna Guerra, Antonio
|
| 245 |
1 |
0 |
|a Estudio practico del ISR de la SAS sus caracters̕ticas, aplicabilidad y beneficios 2017
|h [Recurso electrn̤ico] /
|c Antonio Luna Guerra
|
| 256 |
|
|
|a Servicio en ln̕ea
|
| 260 |
|
|
|a Mx̌ico DF:
|b Ediciones Fiscales ISEF,
|c 2017
|
| 300 |
|
|
|a 1 recurso electrn̤ico
|
| 500 |
|
|
|a En esta obra el lector encontrar ̀informacin̤ sobre la constitucin̤ de la SAS, obligaciones que deba reportar, conflictos y problemas que pudieran surgir al momento en que se pretenda optar por esta nueva alternativa de sociedad mercantil de carc̀ter unipersonal o colectiva. se pretenda optar por esta nueva alternativa de sociedad mercantil de carc̀ter unipersonal o colectiva.
|
| 506 |
1 |
|
|a Disponible solo en los productos indicados
|d vLex Global
|d vLex Global (Academic Edition, excluding Law Schools)
|d vLex Global (U.S. Academic Edition, Law Schools)
|d vLex Global (U.S. Academic Edition, excluding Law Schools)
|d vLex Global (Academic Edition, Law Schools)
|
| 650 |
0 |
4 |
|a Derecho Fiscal
|z Mx̌ico
|
| 740 |
0 |
|
|a vLex Libros (Servicio en ln̕ea)
|
| 856 |
4 |
0 |
|u http://vlex.com/source/estudio-practico-del-isr-de-la-sas-sus-caracteristicas-aplicabilidad-y-beneficios-2017-20198
|z Acceso restringido
|
| 942 |
|
|
|c BOOK
|
| 999 |
0 |
|
|a Tax Law
|